000 00621nam a2200193Ia 4500
003 IN-BaIIA
008 211028s9999 xx 000 0 eng d
040 _cIIA Library
080 _a084.4(52)
_bWES
100 _aWesterhout, Gart
_95211
245 0 _aMaryland-green bank galactic 21-CM line survey
_cGart Westerhout
260 _aMaryland
_bUniversity of Maryland
_c1966
300 _a[various pagings.]
650 _aAstronomy and Astrophysics Thesaurus
650 _aAtlas-Galaxies
_95212
650 _aContour Map
_95213
650 _aGalactic Survey
_95214
942 _cBK
999 _c2921
_d2921